000 00569nam a2200193 i 4500
001 101409
003 ES-MaACL
005 20250814045707.0
007 t|
008 051018s1955 fr ||||1| fre d
100 1 _aMazet, Robert.
_979474
245 1 0 _aMecánique vibratoire /
_cpar Robert Mazet; préface de M. Maurice Roy.
260 _aParis :
_bCh. Béranger,
_c1955.
300 _aXIV, 280 p. :
_bil. ;
_c25 cm.
650 0 7 _aMecánica
_2embne
_914869
700 1 _aRoy, Maurice.
_9100205
852 _aES-MaACL
_jC-10894
999 _c101409
_d101409